000 00532nam a2200205Ia 4500
003 GCL
008 140319s9999 xx 000 0 eng d
020 _a0071400473
040 _aGCL /
_cGCL
082 0 4 _a520.3
_bM D
100 1 _aMCGRAW HILL
245 1 0 _aDICTIONARY OF ASTRONOMY /
_cMCGRAW HILL
260 _aنيويورك :
_bMC GRAW - HILL ،
_c2003
300 _a20 CM ؛
_c180 P
650 0 4 _aASTRONOMY
650 0 4 _aPHYSICAL SCIENCES
650 0 4 _aAEROSPACE
650 0 4 _aASTRONOMY - DICTIONARIES
942 _2ddc
_cBK
999 _c8141
_d8141